Statistics for Hard Harry Potter Quiz

Click here to take the quiz!

General Stats

  • This quiz has been taken 47 times
  • The average score is 12 of 21

Answer Stats

QuestionAnswer% Correct
What house were they in? ^^Hufflepuff
100%
Who was the first person to be sorted in Harry's first year?Hannah Abbott
90%
What is the first chapter in The Philosophers stone called?The Boy who lived
85%
What were the names of the four house elves in alphabetical order?Dobby Hokey Kreacher Winky
82%
Which lesson is Neville said to be very good at?Herbology
77%
Who is the head of magical games and sports department in the ministry?Ludo Bagman
74%
Who gave Harry his Nimbus 2000?Minerva Mcgonagall
74%
Who cast fiendfyre in the room of Requirements?Vincent Crabbe
74%
Name the four centaurs in alphabetical order.Bane Firenze Magorian Ronan
62%
What was the false name for Buckbeak when Hagrid got him for the second time?Witherwings
62%
How many possible quidditch fouls are there?700
59%
Who killed Remus Lupin?Antonin Dolohov
56%
What was the name of Lavender Browns pet?Binky
54%
What animal was Kingsley Shacklebolts patronus?Lynx
54%
What shape is the scar above Dumbledores left knee?The London Underground
54%
How do you enter the kitchen at Hogwarts?Tickle the pear
54%
Who went to see the Gaunts in the pensieve?Bob Ogden
49%
What job does Colin Creeveys dad do?Milkman
26%
What Country did England lose against in the quidditch world cup?Transylvania
23%
When is Hermione Grangers BirthdaySeptember 19th
18%
What spell does Hermione use in the Department of Mysteries to make crosses with fire?Flagrate
10%

Score Distribution

Percentile by Number Answered

Percent of People with Each Score

Your Score History

You have not taken this quiz